[Event "SVK-chT2W 0102"]
[Site "Slovakia"]
[Date "2001.11.18"]
[Round "4.8"]
[White "Kubicek, Stanislav"]
[Black "Hagara, Vladimir"]
[Result "0-1"]
[WhiteElo "1350"]
[BlackElo "2030"]
[PlyCount "84"]
[EventDate "2001.10.??"]
[EventType "team-tourn"]
[EventRounds "11"]
[EventCountry "SVK"]
[SourceTitle "EXT 2006"]
[Source "ChessBase"]
[SourceDate "2005.11.24"]
[SourceVersion "1"]
[SourceVersionDate "2005.11.24"]
[SourceQuality "1"]

1. e4 d6 2. Bc4 Nf6 3. d3 e5 4. Nc3 Be7 5. Nge2 0-0 6. 0-0 Nc6 7. a3 Bg4 8. f3 Bd7 9. b4 a6 10. Ng3 Nd4 11. a4 Re8 12. Bb2 Be6 13. Nd5 Nxd5 14. exd5 Bd7 15. c3 Nf5 16. Bc1 Nxg3 17. hxg3 f5 18. Be3 Bf6 19. Qd2 Qe7 20. Bb3 h6 21. Rac1 b5 22. a5 Rac8 23. Rfe1 Qf7 24. d4 Qg6 25. Bc2 Qxg3 26. Bf2 Qg5 27. Be3 f4 28. Bf2 Bh3 29. Bh4 Qxh4 30. gxh3 Qg3+ 31. Qg2 exd4 32. Qxg3 fxg3 33. Kg2 Bg5 34. Rcd1 dxc3 35. Kxg3 Bd2 36. Rxe8+ Rxe8 37. Rb1 Kf7 38. Kf2 Kf6 39. Rg1 Be3+ 40. Kg2 Bxg1 41. Kxg1 Re2 42. Be4 c2 0-1